000 01362nam a22002177a 4500
003 NALT
005 20260217155625.0
008 s2558 th o tha d
040 _aNALT
086 _aสผ 21 3.5 352.48 2559
110 2 _aสำนักงานเลขาธิการสภาผู้แทนราษฎร.
_bสำนักนโยบายและแผน
_91681
245 1 0 _aการจัดสรรงบประมาณรายจ่ายประจำปีงบประมาณ พ.ศ. 2559 สำนักงานเลขาธิการสภาผู้แทนราษฎร /
_cสำนักงานเลขาธิการสภาผู้แทนราษฎร.
260 _aกรุงเทพฯ :
_bสำนักนโยบายและแผน สำนักงานเลขาธิการสภาผู้แทนราษฎร,
_c2558.
300 _a51 หน้า :
_bตาราง ;
_c29 ซม.
610 2 4 _aสำนักงานเลขาธิการสภาผู้แทนราษฎร
_xงบประมาณ
_927564
650 4 _aงบประมาณ
_zไทย
_y2559
_927565
850 _aNALT
856 4 0 _uhttps://dl.parliament.go.th/handle/lirt/581373
942 _cPAR
_2local
996 _ajamriang.p
_bCATSTF
_c2026-02-17
999 _c74568
_d74568
998 _j1020
_k นางจำเรียง ระวังสำโรง